000 00282nam a22001337a 4500
008 170802b xxu||||| |||| 00| 0 eng d
020 _a9781426097782
041 _aeng
080 _a004
100 _a32
101 _aSHKI
245 _aEXCEL 2007
_cSPRINGER, M
942 _2udc
_cBK
999 _c22562
_d22562